CIC Low value disputes model adjudication procedure (Record no. 121992)

MARC details
000 -LEADER
fixed length control field 01387nam a22002057a 4500
008 - FIXED-LENGTH DATA ELEMENTS--GENERAL INFORMATION
fixed length control field 240905s2023 |||||||| |||| 00| 0 eng d
041 ## - LANGUAGE CODE
Language code of text/sound track or separate title eng
110 ## - MAIN ENTRY--CORPORATE NAME
Corporate name or jurisdiction name as entry element Construction Industry Council
9 (RLIN) 2417
245 ## - TITLE STATEMENT
Title CIC Low value disputes model adjudication procedure
Remainder of title CIC 2023: An adjudication procedure for low value disputes complying with the Housing Grants, Construction and Regeneration Act 1996 as amended by Part 8 of the Local Democracy, Economic Development and Construction Act 2009 (the “Construction Act”)
246 ## - VARYING FORM OF TITLE
Title proper/short title LVD MAP
250 ## - EDITION STATEMENT
Edition statement 2nd.
260 ## - PUBLICATION, DISTRIBUTION, ETC.
Name of publisher, distributor, etc. Construction Industry Council,
Date of publication, distribution, etc. May 2023
300 ## - PHYSICAL DESCRIPTION
Extent 18p.
520 ## - SUMMARY, ETC.
Summary, etc. The CIC LVD MAP sets out a streamlined adjudication procedure for Low Value Disputes, and, by linking the Adjudicator’s fee to the amount claimed, provides certainty as to how much the Adjudicator will be paid for making an Adjudicator’s Decision. By including an outline timetable for the procedural stages it provides a flexible yet simple to understand approach to the key elements of the adjudication process.
520 ## - SUMMARY, ETC.
Summary, etc. The RICS is a member of the CIC
650 ## - SUBJECT ADDED ENTRY--TOPICAL TERM
Topical term or geographic name entry element ADJUDICATION
650 ## - SUBJECT ADDED ENTRY--TOPICAL TERM
Topical term or geographic name entry element ALTERNATIVE DISPUTE RESOLUTION
710 ## - ADDED ENTRY--CORPORATE NAME
Corporate name or jurisdiction name as entry element Construction Industry Council
9 (RLIN) 2417
856 ## - ELECTRONIC LOCATION AND ACCESS
Uniform Resource Identifier <a href="https://www.cic.org.uk/services/adjudication/cic-low-value-disputes-adjudication">https://www.cic.org.uk/services/adjudication/cic-low-value-disputes-adjudication</a>
Public note Available from CIC on completion of a form
Holdings
Withdrawn status Lost status Damaged status Not for loan Home library Current library Shelving location Date acquired Total Checkouts Date last seen Price effective from Koha item type
        Virtual Virtual Online 05/09/2024   05/09/2024 05/09/2024 Online material